Typ bunkovej smrti u viacliekovo rezistentných leukemických buniek pri použití cisplatiny

Gespeichert in:
Bibliographische Detailangaben
1. Verfasser: Bojsa, Martin (Verfasst von)
Weitere Verfasser: Pavlíková, Lucia (Betreuung Doktorarbeit)
Format: Manuskript Buch
Sprache:Slowakisch
Veröffentlicht: 2023
Schlagworte:
Online-Zugang:http://is.stuba.sk/zp/portal_zp.pl?podrobnosti=165244
Tags: Tag hinzufügen
Keine Tags, Fügen Sie das erste Tag hinzu!

MARC

LEADER 00000ntm a22000003a 4500
001 stuzp93454
003 SK-STU
005 20230909215058.2
007 ta
008 150427s2015----xo-----f-mn---000-0-slo-d
040 |a STU  |b slo 
041 0 |a slo 
100 1 |a Bojsa, Martin  |u 043000  |4 aut  |U FCHPT Fakulta chemickej a potravinárskej technológie  |T FCHPT Ústav biochémie a mikrobiológie  |X 112231  |U C3000  |Y 101  |7 112231 
242 0 1 |a Type of cell death in multidrug-resistant leukemia cells during treatment with cisplatin  |y eng 
245 1 0 |a Typ bunkovej smrti u viacliekovo rezistentných leukemických buniek pri použití cisplatiny 
260 |c 2023 
650 4 |a autofágia  |2 slo 
650 4 |a viaclieková rezistencia  |2 slo 
650 4 |a ABC transportéry  |2 slo 
650 4 |a apoptóza  |2 slo 
650 4 |a cisPt  |2 slo 
650 4 |a rodina proteínov Bcl-2  |2 slo 
650 4 |a multidrug resistance  |2 eng 
650 4 |a ABC transporters  |2 eng 
650 4 |a apoptosis  |2 eng 
650 4 |a autophagy  |2 eng 
650 4 |a cisPt  |2 eng 
650 4 |a Bcl-2 protein family  |2 eng 
700 1 |a Pavlíková, Lucia  |u 043260  |k Z3  |4 ths  |U FCHPT Ústav biochémie a mikrobiológie  |T FCHPT Oddelenie biochémie a mikrobiológie  |X 65309  |U C3260  |Y 113  |7 65309 
856 4 |u http://is.stuba.sk/zp/portal_zp.pl?podrobnosti=165244